Name The AHS Characters - Statistics

General Stats
  • This quiz has been taken 19 times
  • The average score is 10 of 16
Answer Stats
Picture Answer % Correct
madison montgomery
82%
pepper
82%
tate langdon
82%
the countess
82%
lana winters
76%
violet harmon
76%
dandy mott
71%
fiona goode
71%
kit walker
65%
moira o'hara
59%
myrtle snow
59%
james patrick march
53%
zoe benson
53%
marie laveau
47%
sister mary eunice
47%
charles montgomery
24%
No matching quizzes found
Score Distribution
Percent of People with Each Score
Percentile by Number Answered
Your Score History
You have not taken this quiz